000 00294nam a22001337a 4500
008 170911b xxu||||| |||| 00| 0 eng d
020 _a9780815300625
041 _aeng
080 _a91
100 _a42
101 _aGEO
245 _aSCIENCES OF THE EARTH
_cGOOD.G.A
942 _2udc
_cBK
999 _c26969
_d26969